| 000 | 00594nam a22001697a 4500 | ||
|---|---|---|---|
| 999 |
_c189304 _d189304 |
||
| 005 | 20220623112133.0 | ||
| 010 | _avivek | ||
| 020 |
_a9788132110293 _c350.00 |
||
| 037 | _b SAGE Publications India Pvt. Ltd. | ||
| 100 | _aPeter G. Swanborn | ||
| 245 |
_aCase Study Research:What,Why & How?/ _cPeter G. Swanborn |
||
| 260 |
_aNew Delhi _b SAGE Publications India Pvt. Ltd. _c2010 |
||
| 270 |
_aB1/I-1 Mohan Cooperative Industrial Area Mathura Road _bNew Delhi _e110044 |
||
| 300 |
_aix,178p _bill. _c24cm(Pb) |
||
| 500 | _aAppendix,Bibliography,Author Index,Subject Index | ||
| 942 |
_2ddc _cEN _kSWA |
||